000 01305cam a2200337 a 4500
999 _c332201
_d332201
001 4997076
003 NUST
005 20171117143628.0
008 990112s1999 flua b 001 0 eng c
010 _a 99172622
020 _a157444218X
035 _a(OCoLC)40606144
040 _aOCoLC-P
_cOCoLC-P
_dTNJ
_dDLC
042 _apcc
050 0 4 _aHD69.P75
_bH38 1999
082 _a628.5 HAV
100 1 _aHavranek, Timothy J.
_96509
245 1 0 _aModern project management techniques for the environmental remediation industry /
_cTimothy J. Havranek.
260 _aBoca Raton [Fla.] :
_bSt. Lucie Press,
_cc1999.
300 _axviii, 433 p. :
_bill. ;
_c24 cm.
500 _aH.B
504 _aIncludes bibliographical references and index.
650 0 _aProject management.
_92481
650 0 _aHazardous waste site remediation
_xManagement.
_96510
650 0 _aPollution control industry
_xManagement.
_96511
650 0 _aSoil remediation
_xManagement.
_96512
650 0 _aGroundwater
_xPurification
_xManagement.
_96513
856 4 2 _3Publisher description
_uhttp://www.loc.gov/catdir/enhancements/fy0744/99172622-d.html
906 _a7
_bcbc
_cpccadap
_d2
_encip
_f19
_gy-gencatlg
942 _2ddc
_cBK
_kIESE